Takmer každý odpad sa dá využiť
Zhodnocovanie odpadov z domácností a firiem je dnes u nás stále v plienkach. Na Slovensku sa podľa zistení Eurostatu zvýšil podiel skládkovania komunálneho odpadu. Celková produkcia komunálneho odpadu v kg na obyvateľa/rok a spôsoby nakladania s ním - príklady štátov EÚ.
Guardado en:
| Autor principal: | |
|---|---|
| Formato: | Capítulo de libro |
| Lenguaje: | eslovaco |
| Materias: | |
| Etiquetas: |
Sin Etiquetas, Sea el primero en etiquetar este registro!
|
MARC
| LEADER | 00000naa a2200000 4500 | ||
|---|---|---|---|
| 001 | 0128077 | ||
| 005 | 20231011122156.0 | ||
| 041 | 0 | |a slo | |
| 044 | |a SK | ||
| 245 | 1 | 0 | |a Takmer každý odpad sa dá využiť |c Juraj Číž |
| 520 | |a Zhodnocovanie odpadov z domácností a firiem je dnes u nás stále v plienkach. Na Slovensku sa podľa zistení Eurostatu zvýšil podiel skládkovania komunálneho odpadu. Celková produkcia komunálneho odpadu v kg na obyvateľa/rok a spôsoby nakladania s ním - príklady štátov EÚ. | ||
| 610 | 2 | 0 | |a odpad komunálny |
| 610 | 2 | 0 | |a skládky odpadu |
| 610 | 2 | 0 | |a likvidácia odpadu |
| 610 | 2 | 0 | |a Slovensko |
| 610 | 2 | 0 | |a Európska únia |
| 100 | 1 | |a Číž, Juraj | |